BIM and construction management : (Record no. 531751)

000 -LEADER
fixed length control field 01619cam a2200385 a 4500
001 - CONTROL NUMBER
control field 15617692
003 - CONTROL NUMBER IDENTIFIER
control field NUST
005 - DATE AND TIME OF LATEST TRANSACTION
control field 20191025101216.0
008 - FIXED-LENGTH DATA ELEMENTS--GENERAL INFORMATION
fixed length control field 090209s2009 inua 001 0 eng
010 ## - LIBRARY OF CONGRESS CONTROL NUMBER
LC control number 2009004123
015 ## - NATIONAL BIBLIOGRAPHY NUMBER
National bibliography number 014-83766
Source bnb
015 ## - NATIONAL BIBLIOGRAPHY NUMBER
National bibliography number GBA-8D487
Source bnb
015 ## - NATIONAL BIBLIOGRAPHY NUMBER
National bibliography number GBA8D4877
Source bnb
016 7# - NATIONAL BIBLIOGRAPHIC AGENCY CONTROL NUMBER
Record control number 014837663
Source Uk
020 ## - INTERNATIONAL STANDARD BOOK NUMBER
International Standard Book Number 9780470402351 (pbk.)
020 ## - INTERNATIONAL STANDARD BOOK NUMBER
International Standard Book Number 0470402350
035 ## - SYSTEM CONTROL NUMBER
System control number (OCoLC)ocn303897194
038 ## - RECORD CONTENT LICENSOR
Staff Name MSOHAIL
040 ## - CATALOGING SOURCE
Original cataloging agency DLC
Transcribing agency DLC
Modifying agency C#P
-- YDXCP
-- BWX
-- CDX
-- VP@
-- GBVCP
-- UKM
-- BTCTA
-- BAKER
-- UKWOH
-- BDX
-- DLC
050 00 - LIBRARY OF CONGRESS CALL NUMBER
Classification number TH437
Item number .H287 2009
082 00 - DEWEY DECIMAL CLASSIFICATION NUMBER
Classification number 690.0285
Edition number 22
100 1# - MAIN ENTRY--PERSONAL NAME
Personal name Hardin, Brad,
Dates associated with a name 1980-
9 (RLIN) 24757
245 10 - TITLE STATEMENT
Title BIM and construction management :
Remainder of title proven tools, methods, and workflows /
Statement of responsibility, etc. Brad Hardin.
260 ## - PUBLICATION, DISTRIBUTION, ETC.
Place of publication, distribution, etc. Indianapolis, Ind. :
Name of publisher, distributor, etc. Wiley Pub.,
Date of publication, distribution, etc. c2009.
300 ## - PHYSICAL DESCRIPTION
Extent xx, 340 p. :
Other physical details ill. ;
Dimensions 24 cm.
490 1# - SERIES STATEMENT
Series statement Serious skills
500 ## - GENERAL NOTE
General note Includes index.
505 0# - FORMATTED CONTENTS NOTE
Formatted contents note BIM and construction management -- BIM and preconstruction -- BIM and construction -- BIM and updates -- BIM and construction administration -- BIM and sustainability -- BIM and facility management -- The future of BIM.
520 8# - SUMMARY, ETC.
Summary, etc. Offering practical advice and tested techniques, this text serves as a building information modeling (BIM) integration guide for the construction industry.
650 #0 - SUBJECT ADDED ENTRY--TOPICAL TERM
Topical term or geographic name entry element Building information modeling.
9 (RLIN) 24758
830 #0 - SERIES ADDED ENTRY--UNIFORM TITLE
Uniform title Serious skills.
9 (RLIN) 24759
906 ## - LOCAL DATA ELEMENT F, LDF (RLIN)
a 7
b cbc
c orignew
d 1
e ecip
f 20
g y-gencatlg
942 ## - ADDED ENTRY ELEMENTS (KOHA)
Source of classification or shelving scheme
Koha item type Book
Holdings
Withdrawn status Lost status Source of classification or shelving scheme Damaged status Not for loan Permanent Location Current Location Date acquired Total Checkouts Full call number Barcode Date last seen Date last checked out Price effective from Koha item type
          School of Civil and Environmental Engineering (SCEE) School of Civil and Environmental Engineering (SCEE) 10/25/2019 1 690.0285 NIT-11680 03/11/2020 02/06/2020 10/25/2019 Book
© 2023 Central Library, National University of Sciences and Technology. All Rights Reserved.